Sapo en Buenos Aires /
Guardado en:
| Autor Principal: | |
|---|---|
| Formato: | Libro |
| Publicado: |
Buenos Aires :
Colihue,
1993.
|
| Edición: | 1a ed. 9a reimp. |
| Series: | Libros del malabarista
|
| Materias: | |
| Etiquetas: |
Agregar Etiqueta
Sin Etiquetas, Sea el primero en etiquetar este registro!
|
| LEADER | 00586nam a22001935a 4500 | ||
|---|---|---|---|
| 001 | CEM.cems020800 | ||
| 008 | 240220s1993##################000#0#####d | ||
| 005 | 20240223164428.0 | ||
| 245 | 1 | 0 | |a Sapo en Buenos Aires / |c Gustavo Roldán. |
| 250 | |a 1a ed. 9a reimp. | ||
| 260 | |a Buenos Aires : |b Colihue, |c 1993. | ||
| 300 | |a 88 p. | ||
| 490 | 0 | |a Libros del malabarista | |
| 020 | |a 9505815352 | ||
| 100 | 1 | |a Roldán, Gustavo. | |
| 653 | |a Literatura argentina | ||
| 653 | |a Novela infantil | ||
| 653 | |a Literatura infantil | ||
| 859 | |a CEMS |b BIB. CEMS - Inicial y Primaria |h A863.4 |i R643-1 |k IP |p 2980 |t Ej. 1 | ||
